Twd - Statistics

General Stats
  • This quiz has been taken 48 times
  • The average score is 41 of 188
Answer Stats
Answer % Correct
Rick Grimes
100%
Carl Grimes
83%
Daryl Dixon
83%
Lori Grimes
83%
Negan Smith
83%
Merle Dixon
76%
Carol Peletier
73%
Glenn Rhee
73%
Maggie Greene
73%
Sean
71%
Hershel Greene
68%
Michonne hawthorne
68%
Andre Anthony
66%
Beth Greene
66%
Judith Grimes
66%
Dale Horvath
63%
Ed Peletier
63%
Abraham Ford
61%
Eugene Porter
61%
Rosita espinosa
61%
Shane Walsh
61%
Andrea Harrison
59%
The governor(Phillip blake)
59%
Sasha Williams
56%
T-dog
56%
Alpha
54%
Beta
54%
Dwight
54%
Sophia Peletier
54%
Amy Harrison
49%
Ron Anderson
49%
Simon
49%
Tyreese williams
49%
Morgan Jones
46%
Bob stookly
44%
Jim
39%
Paul "Jesus" Rovia
39%
Sam Anderson
39%
Tara Chambler
39%
Aaron
37%
Enid
37%
Otis
37%
Jacqui
34%
Jessie Anderson
34%
Pete Anderson
34%
Jerry
32%
Morales
32%
Reg Monroe
32%
Spencer Monroe
32%
Connie
29%
Duane Jones
29%
KIng Ezekiel
29%
Luke Abrahams
29%
Lydia
29%
Yumiko Okumura
29%
Deanna Monroe
27%
Gareth
27%
Henry Peletier
27%
Jimmy
27%
Milton mamet
27%
Oscar
27%
anne "jadis "
24%
Axel
24%
Magna
24%
Patricia
24%
Caesar Martinez
22%
Greg
22%
Kelly
22%
Martin
22%
tomichi okumura
22%
Denise Cloyd
20%
Gregory
20%
Lizzie Samuels
20%
Noah
20%
Rick Junior Grimes
20%
Shiva
20%
Arat
17%
Big tiny
17%
Eliza
17%
Heath
17%
Joe
17%
Lilly Chambler
17%
Lou
17%
Michael Mercer
17%
Mika Samuels
17%
Olivia
17%
Pamela Milton
17%
Randall
17%
Siddiq
17%
Eric
15%
Juanita "princess"Sanchez
15%
Louis
15%
Miranda
15%
Aiden Monroe
12%
Andrew
12%
Dave
12%
David
12%
Dianne
12%
Karen
12%
Mary
12%
Meghan Chambler
12%
Nicholas
12%
Sherry
12%
Tim
12%
Tomas
12%
Ben
10%
Donna
10%
Elijah
10%
Len
10%
Owen
10%
Patrick
10%
Tammy Rose Sutton
10%
Tony
10%
Adam Sutton
7%
Alex
7%
Cyndie Ward
7%
Dante
7%
Nick
7%
Shumpert
7%
Virgil
7%
Allen
5%
Beatrice
5%
Billy
5%
Earl Sutton
5%
Elle
5%
Felipe
5%
Gracie
5%
Maxxine porter
5%
Nabila
5%
Rachel Ward
5%
Richard foster
5%
Soccoro "coco" Espinosa
5%
Crowly
2%
DR. Stevens
2%
Georgie
2%
Keith
2%
Kenneth Sutton
2%
Midge
2%
Mike
2%
Mitch Dolgen
2%
Mr. Gilbert
2%
Nate
2%
ozzy
2%
Penny blake
2%
Terry
2%
Wilson
2%
Zach
2%
Abuela
0%
Adeline
0%
Albert
0%
Alec
0%
Alfred
0%
Alisha
0%
Barbara
0%
Brady
0%
Carlito
0%
Carter
0%
Craven
0%
Duncan
0%
Franklin
0%
Guilermo
0%
Haley
0%
Harley
0%
Herhsel jr Rhee
0%
Hilda
0%
Jocelyn
0%
Jorge
0%
Jules Butler
0%
Kyle
0%
Lambert Kendall
0%
Leon Basset
0%
Lewis
0%
Marco
0%
Margo
0%
Miguel
0%
Molly
0%
Murphy
0%
Natania Ward
0%
Net
0%
Nora
0%
Snyder
0%
Theresa
0%
Troy
0%
Warren
0%
Welles
0%
Winnie
0%
No matching quizzes found
Score Distribution
Percent of People with Each Score
Percentile by Number Answered
Your Score History
You have not taken this quiz